000 00703cam a22002293a 4500
001 46059
003 PGUSA
005 20140828084058.0
008 140621s2014||||xxu|||||s|||||000 | eng d
040 _aPGUSA
_beng
042 _adc
100 1 _aRankin, Carroll Watson,
_d1870-
245 1 4 _aThe Adopting of Rosa Marie :
_bA Sequel to Dandelion Cottage
_h[electronic resource] /
_cCarroll Watson Rankin
260 _bProject Gutenberg,
_c2014
506 _aPublic domain in the USA.
516 _aElectronic text
700 1 _aSelss, Miriam
700 1 _aShinn, Florence Scovell,
_d1871-1940
830 0 _aProject Gutenberg
_v46059
856 4 0 _uhttp://www.gutenberg.org/ebooks/46059
942 _cEB
999 _c275308
_d275308